Skład Manchesteru City w Premier League 2023/24 - Statystyki

Ogólne statystyki
  • Ten quiz został rozwiązany 494 razy
  • Średni wynik to 17 z 24
Statystyki odpowiedzi
Numer Zawodnik % Poprawnych
9 Erling Haaland
98%
31 Ederson
96%
17 Kevin de Bruyne
93%
47 Phil Foden
92%
2 Kyle Walker
88%
3 Ruben Dias
87%
10 Jack Grealish
86%
6 Nathan Ake
84%
20 Bernardo Silva
83%
16 Rodri
83%
5 John Stones
81%
19 Julian Alvarez
76%
25 Manuel Akanji
73%
24 Josko Gvardiol
72%
18 Stefan Ortega
72%
11 Jeremy Doku
68%
8 Mateo Kovacić
64%
82 Rico Lewis
63%
52 Oscar Bobb
49%
27 Matheus Nunes
44%
33 Scott Carson
44%
4 Kalvin Phillips
43%
21 Sergio Gomez
38%
13 Zack Steffen
22%
Nie znaleziono quizów pasujących do podanych kryteriów
Rozkład punktacji
Procent ludzi z każdym wynikiem
Percentyl według liczby udzielonych odpowiedzi
Twoja historia wyników
Nie rozwiązałeś tego quizu